000 00636nam a2200205 4500
999 _c3014
_d3014
001 3014
003 BD-JhCC
005 20171109113723.0
008 171109b1986 i ||||| |||| 00| 0 ben d
035 _a(BD-JhCC)
040 _aBD-JhCC
_dBD-JhCC
041 _aben
082 _a891.443
_bDEV 1986
100 _aদেবী, মৈত্রেয়ী
245 _aবিধি ও বিধাতা /
_cমৈত্রেয়ী দেবী
260 _aকলিকাতা :
_bপ্রাৈইমা পাবলিকেশনস;
_c১৯৮৬
300 _a223 p.;
_c22 cm
650 _aBengali novel
942 _2ddc
_cBK